000 00299nam a2200133Ia 4500
008 231017s9999 xx 000 0 und d
082 _a625.725
082 _bASS
245 0 _aGeometric design research efforts
245 0 _cTRB/AASHTO
260 _bTRB/AASHTO
300 _c30cm
942 _cREP
999 _c605897
_d605897